| 000 | 00730nam a22001817a 4500 | ||
|---|---|---|---|
| 999 |
_c62856 _d62856 |
||
| 003 | Ge_BSU | ||
| 005 | 20250311102523.0 | ||
| 008 | 250311s1938 ge ||||| |||| 00| 0 geo d | ||
| 041 | _ageo | ||
| 080 | _a616.2 ა-45 | ||
| 100 |
_aალადაშვილი, ა.ს. _924505 |
||
| 245 |
_aსუნთქვის ორგანოების სნეულებანი. _c ა.ს. ალადაშვილი. |
||
| 264 |
_aთბ. : _bსაქბიომედგამი, _c1938. |
||
| 300 |
_a261 გვ. : _b ილ. ; _c22სმ. |
||
| 653 | _aსუნთქვის ორგანოების დაავადებები | ||
| 653 | _aმედიცინა | ||
| 942 |
_2udc _cᲬᲘᲒᲜᲘ |
||